Egyptian museums : treasures of human legacy /

Saved in:

Main Author: Bahnasy, Salah (Author)

Other Authors: Seif el-Nasr, Ahmed., Abdel Razek, Laila.

Format: Book

Language: English

Published: Giza, Egypt : Foreign Information Dept., Ministry of Culture, 2004.

Edition: 1st English ed.

Series: Prism book series.

Subjects:

Tags: Add Tag

No Tags, Be the first to tag this record!

Call Number: DT58.9 .E4 2004

LEADER 01333namaa2200277 4500
003 OSt
005 20260503054017.0
008 130303s2004 ua a b 000 0 eng d
020 |a 9773057933 
040 |c ARCE Library 
050 4 |a DT58.9 .E4 2004 
100 1 |a Bahnasy, Salah,  |e author  |9 26076 
245 1 0 |a Egyptian museums :  |b treasures of human legacy /  |c By Salah El Bahnasy ; translated by Ahmed Seif El Nasr ; revised by Laila Abdel Razek. 
250 |a 1st English ed. 
264 1 |a Giza, Egypt :  |b Foreign Information Dept., Ministry of Culture,   |c 2004. 
300 |a 205 pages :  |b illustrations (some color) ;  |c 24 cm. 
490 0 |a Prism book series. 
504 |a Includes bibliographical references. 
505 0 |a I. Beginning of museums and the development of their functions -- II. National museums of Egypt : Egyptian Museum, Cairo -- Greco-Roman Museum, Alexandria -- Coptic Museum, Cairo -- Islamic Art Museum, Cairo -- III. Regional Museums : Luxor Museum -- Mallawy Museum -- Beny Suef Museum -- IV. Historical Museums : Beitel-Kiridiliya Museum -- Manyal Palace Museum -- El-Jawahara Palace Museum -- Epilogue. 
650 0 |a Museums  |z Egypt. 
651 0 |a Egypt  |x Antiquities. 
700 1 |a Seif el-Nasr, Ahmed. 
700 1 |a Abdel Razek, Laila. 
901 |a reviewed 
942 |c BK  |2 lcc 
999 |c 7070  |d 7070